000 00278nam a22001217a 4500
999 _c4834
_d4834
008 250325b ||||| |||| 00| 0 eng d
020 _a9780375857294
082 _a823.92 HOR
100 _aHORVATH,DAVID
_eAUTHOR
245 _aUGLY COLORS
260 _bRANDOM HOUSE
942 _2ddc